| 000 | 01183nam a2200289Ia 4500 | ||
|---|---|---|---|
| 999 |
_c5455 _d5455 |
||
| 003 | OSt | ||
| 005 | 20200611165833.0 | ||
| 008 | 191128s1960 mx gr 001 0 spa d | ||
| 040 |
_aCO-JMCR _cCO-JMCR |
||
| 041 | 1 |
_aspa _heng |
|
| 082 | 0 | 4 |
_a330.122 / _bS894c _223 |
| 100 | 1 |
_aStrachey, John, _eautor _95525 |
|
| 245 | 1 | 3 |
_aEl capitalismo contemporaneo / _cJohn Strachey ; traducción de Francisco González Aramburo |
| 250 | _aPrimera edición | ||
| 260 |
_aMéxico : _bFondo de Cultura Económica, _c1960. |
||
| 300 |
_a323 páginas ; _c21 cm. |
||
| 490 | 0 | _aSección de obras de economía | |
| 500 | _aIncluye índice analítico páginas 313-318. | ||
| 505 | _aMétodo y propósito del estudio -- La nueva etapa del capitalismo -- Los economistas del valor -- El valor y los economistas -- Marx -- La doctrina de la pobreza siempre creciente -- La medición, el valor y los límites de la economía | ||
| 534 | _pComteporary capitalism | ||
| 546 | _aTraducido del inglés | ||
| 650 | 1 | 4 |
_aCapitalismo _95526 |
| 650 | 2 | 4 |
_aHistoria Economía _95102 |
| 650 | 2 | 4 |
_aPobreza Socialismo _95527 |
| 700 | 1 |
_aGonzález Aramburo, Francisco, _etraductor _95173 |
|
| 942 |
_2ddc _cBK |
||